Introduction to Computational Chemistry

Na minha lista:
Detalhes bibliográficos
Autor principal: Jensen, Frank (Author)
Formato: Livro
Idioma:inglês
Publicado em: Chichester : John Wiley & Sons, 1999
Tags: Adicionar Tag
Sem tags, seja o primeiro a adicionar uma tag!

MARC

LEADER 00000nam a22000003a 4500
001 stu49901
005 20190206124445.7
008 990607s1999------------------------eng-d
020 |a 0-471-98425-6 
040 |a STU  |b slo 
041 0 |a eng 
080 |a 681.326.32 
100 1 |a Jensen, Frank  |4 aut 
245 1 |a Introduction to Computational Chemistry 
260 |a Chichester :  |b John Wiley & Sons,  |c 1999 
300 |a 429 s 
500 |a Tab.,grafy,lit.,index 
996 |b C95804  |c C*95804  |l CCV  |s P  |a 0  |w stu49901_0001